000 02371cam a22002054a 4500
005 20250605163945.0
008 250528s ||||||||||||||||||||||||d
035 _a15179
020 _a9607344316
040 _aGR-AtMCL
_bgre
_dGR-AtMCL
_eAACR2
245 1 _aManagement 1ης Γραμμης
260 _bΣύγχρονη Εκδοτική,
_c1994
300 _a400
520 _aΑνώτερα Διοικητικά Στελέχη, Μεσαία Διοικητικά Στελέχη, Διοικητικά Στελέχη 1ης Γραμμής, Εργαζόμενοι (Υπαλληλικό ή Εργατικό Δυναμικό). Ο Ρόλος του Στελέχους στη Διοίκηση, Η Μοναδικότητα του Περιβάλλοντος της Οικονομικής Μονάδας, Το Διοικητικό Στέλεχος Πρώτης Γραμμής και η Διοικητική Διαδικασία, Κατάστρωση Προγραμμάτων και Εφαρμογή Πολιτικής, Η Εφαρμογή του Ελέγχου στους Ανθρώπους και στις Διαδικασίες, Η Δίοίκηση των Πληροφοριών και η Επίλυση των Προβλημάτων Αντικειμένων Μελέτης, Η Αποτελεσματική Οργάνωση Ενός Τμήματος, Διαχείριση Ανθρωπίνων Πόρων στην Διοίκηση Προσωπικού, Αξιολόγηση της Απόδοσης Ενός Εργαζομένου, Εκπαίδευση και Ανάπτυξη Προσωπικού, Υποκίνηση, Ηγεσία: Τέχνη και Επιστήμη, Αποτελεσματική Επικοινωνία με τους Εργαζόμενους, Συμβουλές για του Προβληματικούς Εργαζόμενους, Ο Χειρισμός, Πώς και Πότε να Ασκείτε Πειθαρχικό Έλεγχο, Βελτίωση της Παραγωγικότητας και της Καινοτομίας, Η Επίτευξη Υψηλότερης Ποιότητας Απόδοσης, Ο Έλεγχος του Κόστους και του Προϋπολογισμού.
700 1 _aΚιουλαφας Κ.Κ
_91044
700 1 _aΚυριαζόπουλος Παναγιώτης Γ
_91045
942 _cBK
999 _c773
_d773